Interpreting the Psalms : (Record no. 1378)
[ view plain ]
| 000 -LEADER | |
|---|---|
| fixed length control field | 01337cam a22003014a 4500 |
| 001 - CONTROL NUMBER | |
| control field | 14906034 |
| 003 - CONTROL NUMBER IDENTIFIER | |
| control field | GBCCL |
| 005 - DATE AND TIME OF LATEST TRANSACTION | |
| control field | 20241126110400.0 |
| 008 - FIXED-LENGTH DATA ELEMENTS--GENERAL INFORMATION | |
| fixed length control field | 070627s2007 miu b 000 0 eng |
| 010 ## - | |
| -- | 2007026923 |
| 020 ## - INTERNATIONAL STANDARD BOOK NUMBER | |
| International Standard Book Number | 9780825427657 |
| 040 ## - CATALOGING SOURCE | |
| Original cataloging agency | DLC |
| Transcribing agency | DLC |
| Modifying agency | DLC |
| 050 00 - | |
| -- | BS1430.52 |
| -- | .F86 2007 |
| 082 00 - DEWEY DECIMAL CLASSIFICATION NUMBER | |
| Classification number | 223.206 |
| Edition information | 22 |
| Item number | FUT |
| 100 1# - MAIN ENTRY--PERSONAL NAME | |
| Personal name | Futato, Mark David. |
| 9 (RLIN) | 2720 |
| 245 10 - TITLE STATEMENT | |
| Title | Interpreting the Psalms : |
| Remainder of title | an exegetical handbook / |
| Statement of responsibility, etc. | Mark D. Futato ; David M. Howard, editor. |
| 260 ## - PUBLICATION, DISTRIBUTION, ETC. | |
| Place of publication, distribution, etc. | Grand Rapids, MI : |
| Name of publisher, distributor, etc. | Kregel Publications, |
| Date of publication, distribution, etc. | c2007. |
| 300 ## - PHYSICAL DESCRIPTION | |
| Extent | 234 p. ; |
| Dimensions | 23 cm. |
| 440 ## - SERIES STATEMENT/ADDED ENTRY--TITLE | |
| Title | Handbooks for Old Testament exegesis. |
| 9 (RLIN) | 14482 |
| 504 ## - BIBLIOGRAPHY, ETC. NOTE | |
| Bibliography, etc. note | Includes bibliographical references. |
| 505 0# - FORMATTED CONTENTS NOTE | |
| Formatted contents note | Appreciating the poetry -- Getting the big picture -- Grasping the themes -- Preparing for interpretation -- Interpreting the categories -- Proclaiming the Psalms -- Practicing the principles. |
| 630 00 - SUBJECT ADDED ENTRY--UNIFORM TITLE | |
| Uniform title | Bible. |
| Name of part/section of a work | Psalms |
| General subdivision | Criticism, interpretation, etc. |
| 9 (RLIN) | 2721 |
| 700 1# - ADDED ENTRY--PERSONAL NAME | |
| Personal name | Howard, David M. |
| 9 (RLIN) | 554 |
| 856 41 - ELECTRONIC LOCATION AND ACCESS | |
| Materials specified | Table of contents only |
| Uniform Resource Identifier | <a href="http://www.loc.gov/catdir/toc/ecip0721/2007026923.html">http://www.loc.gov/catdir/toc/ecip0721/2007026923.html</a> |
| 906 ## - LOCAL DATA ELEMENT F, LDF (RLIN) | |
| a | 7 |
| b | cbc |
| c | orignew |
| d | 1 |
| e | ecip |
| f | 20 |
| g | y-gencatlg |
| 942 ## - ADDED ENTRY ELEMENTS (KOHA) | |
| Source of classification or shelving scheme | Dewey Decimal Classification |
| Koha item type | Books |
| Koha issues (borrowed), all copies | 7 |
| Withdrawn status | Lost status | Source of classification or shelving scheme | Damaged status | Not for loan | Home library | Current Library | Shelving location | Date acquired | Total checkouts | Full call number | Barcode | Date last seen | Date last checked out | Copy number | Price effective from | Koha item type |
|---|---|---|---|---|---|---|---|---|---|---|---|---|---|---|---|---|
| Dewey Decimal Classification | GRACE BIBLE COLLEGE | GRACE BIBLE COLLEGE | Biblical Studies | 2017-04-27 | 8 | 223.206 FUT | 014328 | 2025-05-01 | 2025-02-07 | c.1 | 2017-04-27 | Books | ||||
| Dewey Decimal Classification | GRACE BIBLE COLLEGE | GRACE BIBLE COLLEGE | Biblical Studies | 2022-03-29 | 2 | 223.206 FUT | 015466 | 2025-05-01 | 2024-03-05 | c.2 | 2022-03-29 | Books |